| 000 | 00557nam a22002057a 4500 | ||
|---|---|---|---|
| 003 | OSt | ||
| 005 | 20140311163218.0 | ||
| 008 | 131017t xxu||||| |||| 00| 0 eng d | ||
| 020 | _a0590486888 | ||
| 050 |
_aSF 302 _b.H44 1994 |
||
| 100 |
_aMarguerite, Henry. _929982 |
||
| 245 |
_aAlbum of horses / _cby Marguerite Henry illustrated by Wesly Denis |
||
| 260 |
_aNew York : _bScholastic Inc., _c1951. |
||
| 300 |
_a110 p. : _bill. ; _c29 cm. |
||
| 521 | _aG9 | ||
| 526 | _c1000 | ||
| 600 |
_aDennis, Wesley. _929983 |
||
| 942 |
_2lcc _cBK |
||
| 999 |
_c42941 _d42941 |
||